Bolívar en México (Record no. 35154)

MARC details
000 -LEADER
campo de control de longitud fija 00909nam a2200229 i 4500
001 - NÚMERO DE CONTROL
campo de control 35154
003 - IDENTIFICADOR DE NÚMERO DE CONTROL
campo de control ES-MaACL
005 - FECHA Y HORA DE LA ÚLTIMA TRANSACCIÓN
campo de control 20250930063042.0
007 - CAMPO FIJO DE DESCRIPCIÓN FÍSICA--INFORMACIÓN GENERAL
campo de control de longitud fija t|
008 - DATOS DE LONGITUD FIJA--INFORMACIÓN GENERAL
campo de control de longitud fija 030212s1946 mx ||||1| spa d
100 1# - ENTRADA PRINCIPAL--NOMBRE DE PERSONA
Nombre de persona Bolívar, Simón,
Fechas asociadas al nombre 1783-1830
9 (RLIN) 29964
245 10 - MENCIÓN DEL TÍTULO
Título Bolívar en México
Resto del título : 1799-1832 /
Mención de responsabilidad, etc. Simón Bolívar ; compilación, prólogo y notas de Rafael Heliodoro Valle.
260 ## - PUBLICACIÓN, DISTRIBUCIÓN, ETC.
Lugar de publicación, distribución, etc. México :
Nombre del editor, distribuidor, etc. [s.n.,
Fecha de publicación, distribución, etc. 1946] (
Fabricante Imprentas L.D.)
300 ## - DESCRIPCIÓN FÍSICA
Extensión XXIII, P. 28-141 p. ;
Dimensiones 24 cm.
490 1# - MENCIÓN DE SERIE
Mención de serie Publicación de la Secretaría de Relaciones Exteriores
500 ## - NOTA GENERAL
Nota general Precede al tít.: Archivo Histórico Diplomático Mexicano.
700 1# - ENTRADA AGREGADA--NOMBRE PERSONAL
Nombre de persona Valle, Rafael Heliodoro.
9 (RLIN) 112775
710 2# - ENTRADA AGREGADA--NOMBRE DE ENTIDAD CORPORATIVA
Nombre de entidad corporativa o nombre de jurisdicción como elemento de entrada Archivo Histórico Diplomático Mexicano.
9 (RLIN) 1445
830 0# - PUNTO DE ACCESO ADICIONAL DE SERIE-TÍTULO UNIFORME
Título uniforme Publicación de la Secretaría de Relaciones Exteriores
9 (RLIN) 229530
852 ## - LOCALIZACIÓN
Ubicación ES-MaACL
Número de control de estantería C-5555
Sublocalización o colección R.26104
Holdings
Estatus retirado Estado de pérdida Estado de daño No para préstamo Biblioteca de origen Biblioteca actual Ubicación en estantería Fecha de adquisición Fuente de adquisición Total de préstamos Signatura topográfica completa Código de barras Visto por última vez Precio de reemplazo Tipo de ítem Koha
        Biblioteca del Ateneo de Madrid Biblioteca del Ateneo de Madrid Sala Palomar 17/01/2008     C-5555 1036765 23/02/2023 23/02/2023 Libro impreso